000 00475nam a2200169Ia 4500
999 _c825
_d825
003 OSt
005 20200915123439.0
008 190216s9999||||xx |||||||||||||| ||und||
040 _coclc
082 _a492.7
_bALH/A
100 _aAl Han Group
_94596
245 0 _aArabic Kalolsava Matsaravijayi /
_cAl Han Group
260 _bAl Huda Book Stall,
_c2011.
_aCalicut:
300 _a104p
650 _aArabic
942 _cBK
_2ddc
_h492.7
_iALH/A
_k492.7
_mALH/A